| 000 | 00409nam a2200181Ia 4500 | ||
|---|---|---|---|
| 005 | 20250423101552.0 | ||
| 008 | 250422s9999 xx 000 0 und d | ||
| 020 | _a1575668130 | ||
| 050 | _aPS 3620 .Y58 T75/ | ||
| 100 | _aTyler, Ben | ||
| 245 | 0 | _aTricks of the trade | |
| 260 | _aNew York | ||
| 260 | _bKensington Books | ||
| 260 | _c2001 | ||
| 300 | _a275 p | ||
| 650 | _aLiterature | ||
| 942 | _cBK | ||
| 999 |
_c36657 _d36657 |
||